000 00453nam a2200169 i 4500
001 21338
003 ES-MaACL
005 20230906152449.0
007 t|
008 021125s1967 sp ||||1| spa d
100 1 _aAlberdi, Ricardo.
_919274
245 1 3 _aEl sistema capitalista /
_cRicardo Alberdi.
260 _a[IrĂșn] :
_bEthos,
_c[1967]
300 _a34 p. ;
_c32 cm.
500 _aEjemplar multicopista.
852 _aES-MaACL
_j2063-F-3
_bR.64652
999 _c21338
_d21338